00522nam a2200169Ia 4500100003400000650001300034942000700047366000700054654002600061245003500087260002200122082001300144300000800157546002400165999001700189952014600206 aGerber/Richard/ Bik/Aart J.C  aSoftware cBK f20 asoftware optimization aSoftware optimization Cookbook bIntel Pressc2006 a5.1bGER a404 aENGLISHcPAMPHALETS c31907d31907 001040708CRCaCRCEbCRCEd2023-03-17eAllied Publishersg360.00i3103 dt 15/12/2010l0o5.1 GERp21238r2023-03-17v450.00w0000-00-00yBK